Land tenure in Uganda / (Record no. 486)

MARC details
000 -LEADER
fixed length control field 01105nam a2200289 a 4500
001 - CONTROL NUMBER
control field 3496666
003 - CONTROL NUMBER IDENTIFIER
control field OSt
005 - DATE AND TIME OF LATEST TRANSACTION
control field 20110908100121.0
008 - FIXED-LENGTH DATA ELEMENTS--GENERAL INFORMATION
fixed length control field 940722s1957 ug a f000 0 eng
010 ## - LIBRARY OF CONGRESS CONTROL NUMBER
LC control number 94186776
040 ## - CATALOGING SOURCE
Original cataloging agency DLC
Transcribing agency DLC
043 ## - GEOGRAPHIC AREA CODE
Geographic area code f-ug---
050 00 - LIBRARY OF CONGRESS CALL NUMBER
Classification number HD984.Z7
Item number L36 1957
245 00 - TITLE STATEMENT
Title Land tenure in Uganda /
Statement of responsibility, etc [edited by the Ministry of Land Tenure].
260 ## - PUBLICATION, DISTRIBUTION, ETC. (IMPRINT)
Place of publication, distribution, etc Entebbe, Uganda :
Name of publisher, distributor, etc Govt. Printer,
Date of publication, distribution, etc 1957.
300 ## - PHYSICAL DESCRIPTION
Extent 30 p. :
Other physical details ill. ;
Dimensions 25 cm.
500 ## - GENERAL NOTE
General note Cover title.
650 #0 - SUBJECT ADDED ENTRY--TOPICAL TERM
Topical term or geographic name as entry element Land tenure
Geographic subdivision Uganda.
9 (RLIN) 1449
650 #0 - SUBJECT ADDED ENTRY--TOPICAL TERM
Topical term or geographic name as entry element Land tenure
General subdivision Law and legislation
Geographic subdivision Uganda.
9 (RLIN) 1450
650 #0 - SUBJECT ADDED ENTRY--TOPICAL TERM
Topical term or geographic name as entry element Landlord and tenant
Geographic subdivision Uganda.
9 (RLIN) 1451
710 1# - ADDED ENTRY--CORPORATE NAME
Corporate name or jurisdiction name as entry element Uganda Protectorate.
Subordinate unit Ministry of Land Tenure.
9 (RLIN) 1452
906 ## - LOCAL DATA ELEMENT F, LDF (RLIN)
a 7
b cbc
c orignew
d 2
e ncip
f 19
g y-gencatlg
942 ## - ADDED ENTRY ELEMENTS (KOHA)
Source of classification or shelving scheme Dewey Decimal Classification
Koha item type Books
Holdings
Withdrawn status Lost status Source of classification or shelving scheme Damaged status Not for loan Home library Current library Shelving location Date acquired Total Checkouts Barcode Date last seen Price effective from Koha item type
    Dewey Decimal Classification     Law Development Centre Main Library Law Development Centre Main Library Text Books and Laws 04/21/2011   2011/2760 04/21/2011 04/21/2011 Books
    Dewey Decimal Classification     Law Development Centre Main Library Law Development Centre Main Library Text Books and Laws 04/21/2011   2011/2761 04/21/2011 04/21/2011 Books